000 01621nam a2200253Ia 4500
003 Ost
005 20260507075408.0
008 260507s9999||||xx |||||||||||||| ||und||
020 _a9775125333
040 _cfsecg
041 _aara
082 _a600
100 _aصقر، نبيل حامد مرسي
_eمؤلف
245 0 _aالتخطيط الاستراتيجي /
_c نبيل حامد مرسي صقر
260 _aالاسكندرية:
_bالمكتب العربي الحديث,
_c2008
300 _a329 صفحة؛
_bإيضاحات ؛
_c24 سم
504 _aالمراجع ص.327
520 _aيضم خصائص نظام التخطيط الاستراتيجي، الرؤية والرسالة ، أنواع الأهداف لمنظمات الأعمال، مفهوم البيئة المحيطة بالمنظمة، تحليل البيئة التنافسية، تحليل أوجه القوة والضعف الداخلية، بعض الأدوات التحليلية التي تستخدم في اتخاذ القرارات الاستراتيجية، أنواع البدائل الاستراتيجية، ثقافة المنظمة، إعداد الهيكل التنظيمي، القيادة الادارية، إدارة الجودة الشاملة كمدخل لإسترتيجية التطوير التنظيمي، استراتيجية الخصخصة"التجربة المصرية" ، التخطيط القومي
653 _aإتخاذ القرارات- الإدارة
653 _aإدارة الأعمال
653 _aالتخطيط
653 _aالتخطيط - تنظيم وإدارة
942 _cكتاب
999 _c44345
_d44345